000 00255nam a22001217a 4500
008 181106b xxu||||| |||| 00| 0 eng d
041 _aeng
080 _23rd
_a616
100 _a9
101 _aPAT
245 _aPathology
_cRobbins,S.L
942 _2udc
_cBK
999 _c51941
_d51941